Numerical simulation of subsonic and supersonic flow inside flush inlet in particular to study supersonic buzz phenomenon (Record no. 322834)
[ view plain ]
| 000 -LEADER | |
|---|---|
| fixed length control field | 00450 a2200133 4500 |
| 001 - CONTROL NUMBER | |
| control field | 87761 |
| 082 ## - DEWEY DECIMAL CLASSIFICATION NUMBER | |
| Classification number | PR 138 |
| 090 ## - LOCALLY ASSIGNED LC-TYPE CALL NUMBER (OCLC); LOCAL CALL NUMBER (RLIN) | |
| -- | 41220 |
| -- | 41220 |
| 100 ## - MAIN ENTRY--PERSONAL NAME | |
| Personal name | Bilal Ahmad, Plt Off 15233 69EC |
| 245 ## - TITLE STATEMENT | |
| Title | Numerical simulation of subsonic and supersonic flow inside flush inlet in particular to study supersonic buzz phenomenon |
| 260 ## - PUBLICATION, DISTRIBUTION, ETC. | |
| Place of publication, distribution, etc. | Risalpur |
| Name of publisher, distributor, etc. | NUST Risalpur |
| Date of publication, distribution, etc. | 2010 |
| 300 ## - PHYSICAL DESCRIPTION | |
| Extent | xiii, 53p. |
| Accompanying material | Taimur Ali Shams, Sqn Ldr |
| 500 ## - GENERAL NOTE | |
| General note | BE Project Reports |
| 942 ## - ADDED ENTRY ELEMENTS (KOHA) | |
| Institution code [OBSOLETE] | CAE NUST |
| Call number prefix | PR 138 |
| Withdrawn status | Lost status | Damaged status | Not for loan | Collection code | Permanent Location | Current Location | Date acquired | Total Checkouts | Full call number | Barcode | Date last seen | Price effective from | Koha item type |
|---|---|---|---|---|---|---|---|---|---|---|---|---|---|
| College of Aeronautical Engineering (CAE) | College of Aeronautical Engineering (CAE) | 04/03/2017 | PR 138 | CAEPR-138 | 04/05/2017 | 04/05/2017 | Book |
